Loading...
| Current Events | 2 | 15.00 | 100% | 50% | 0% |
| Fine Arts - Classical Music | 5 | 12.00 | 100% | 20% | 0% |
| Fine Arts - Other | 8 | 3.75 | 38% | 0% | 0% |
| Fine Arts - Painting & Sculpture | 7 | 11.43 | 86% | 29% | 0% |
| Geography | 1 | 10.00 | 100% | 0% | 0% |
| History - American | 6 | 8.33 | 67% | 17% | 0% |
| History - European | 9 | 13.33 | 78% | 56% | 0% |
| History - Other | 9 | 12.22 | 89% | 22% | 11% |
| History - World | 6 | 13.33 | 67% | 50% | 17% |
| Literature - American | 2 | 15.00 | 100% | 50% | 0% |
| Literature - British | 5 | 10.00 | 80% | 20% | 0% |
| Literature - European | 6 | 6.67 | 50% | 17% | 0% |
| Literature - World | 8 | 7.50 | 75% | 0% | 0% |
| Mythology | 2 | 15.00 | 100% | 0% | 50% |
| Other Academic | 4 | 12.50 | 100% | 25% | 0% |
| Philosophy | 8 | 8.75 | 75% | 0% | 13% |
| Religion | 5 | 16.00 | 100% | 60% | 0% |
| Science - Biology | 8 | 7.50 | 63% | 13% | 0% |
| Science - Chemistry | 3 | 6.67 | 67% | 0% | 0% |
| Science - Other | 4 | 7.50 | 75% | 0% | 0% |
| Science - Physics | 7 | 11.43 | 71% | 43% | 0% |
| Social Science | 4 | 17.50 | 100% | 50% | 25% |